000 02754 a2200217 4500
001 29883
005 20260407155608.0
008 260407a1958 arg spa d
003 AR-UNSa-BCEJYS
040 _aAR-UNSa-BCEJYS
_bspa
_cAR-UNSa-BCEJYS
080 _a657.471.1
_xClases de costos. Costos de producción
245 1 0 _aContabilidad de costos
_pfundamentos y aplicaciones
264 1 _aBarcelona :
_bLabor
_c1958
300 _axx, 1101 p.
_c23 cm.
505 _aPrimera parte: Introducción a la contabilidad de costos - 1. Definición y alcance - 2. Clasificación y análisis de los desembolsos - 3. Costos unitarios y su aplicación - 4. Los estados financieros por el método de inventarios - Segunda parte: La contabilidad de costos en las empresas industriales - 5. Finalidades y funciones de la contabilidad de costos - 6. Objetivos de la contabilidad de costos - 7. Las cuentas de costos en el libro mayor - 8. Desarrollo del libro mayor - 9. Las cuentas de servicios de fábrica en al libro mayor - 10. Cuentas del mayor auxiliar. Materiales y mano de obra - 11. Cuentas del mayor auxiliar. Artículos en curso de fabricación - 12. Cargo de los servicios de fábrica en las hojas de costo - 13. Cuentas del mayor auxliar. Artículos terminados - 14. El libro diario en la contabilidad de costos. Desembolsos - 15. El libro diario en la contabilidad de costos. Productos, expedición y venta de artículos - 16. Documentación. Operaciones de aprovisionamiento - 17. Documentación. Almacenamiento y salida de materiales - 18. Documentación. Mano de obra - 19. Documentación. Fabricación, expedición, venta y operaciones diversas - 20. Separación de la contabilidad de fábrica - Tercera parte: Problemas especiales del costo en las empresas industriales - 21. Adquisición de elementos determinantes de la capacidad industrial o de fabricación - 22. Uso de los elementos representativos de la capacidad de fabricación - 23. El riesgo en las empresas industriales - 24. El problema de subproductos y productos múltiples - 25. Control administrativo a través de la contabilidad de costos - 26. Medición de la eficiencia. Costos tipo o stándar - 27. Contabilidad del costo stándar - 28. El costo stándar en el control presupuestario - Cuarta parte: Sistema de contabilidad de costos - 29. Consideraciones preliminares. Proyecto e implantación de sistemas - 30. Determinación de resultados por clases de artículos - 31. El sistema de costos por estimación - 32. El sistema completo de costos - 33. Contabilidad uniforme por ramas de industria - Problemas prácticos
942 _cBK
590 _aniveau_biblio:m niveau_hierar:0
100 1 _aDohr, James L.
700 1 _aInghram, Howell A.
700 1 _aLove, Andrew L.
999 _c1967
_d1967